Basic biomechanics / (Record no. 4587)
[ view plain ]
| 000 -LEADER | |
|---|---|
| fixed length control field | 00486pam a2200169 a 4500 |
| 020 ## - INTERNATIONAL STANDARD BOOK NUMBER | |
| ISBN | 0070921180 |
| 050 00 - CALL NUMBER | |
| Classification number | QP303 |
| Item number | .H35 1999 |
| 100 1# - AUTHOR | |
| Personal name | Hall, Susan J. |
| 245 10 - TITLE | |
| Title | Basic biomechanics / |
| Statement of responsibility, etc | Susan J. Hall. |
| 250 ## - EDITION | |
| Edition statement | 3rd ed. |
| 260 ## - PUBLICATION INFORMATION | |
| Place of publication | Boston : |
| Name of publisher | WCB/McGraw-Hill, |
| Year of publication | c1999. |
| 300 ## - DESCRIPTION | |
| Number of Pages | xix, 577 p. : |
| Other physical details | ill. ; |
| Dimensions | 25 cm. |
| 500 ## - NOTES | |
| General note | Includes bibliographical references and index |
| 650 #0 - SUBJECTS | |
| Topical Term | Biomechanics. |
| 650 #0 - SUBJECTS | |
| Topical Term | Biomechanics |
| General subdivision | Problems, exercises, etc. |
| 942 ## - ADDED ENTRY ELEMENTS (KOHA) | |
| Koha item type | Books |
| Withdrawn status | Lost status | Home library | Current library | Date acquired | Full call number | Accession Number | Koha item type |
|---|---|---|---|---|---|---|---|
| Methodist University Library Wenchi Faculty | Methodist University Library Wenchi Faculty | 16/11/2018 | QP303 .H35 1999 | 3126 | Books |